000 00301nam a2200109Ia 4500
008 200302s9999 xx 000 0 und d
100 _aWinifred M. Mitchell
245 _aSoft Furnishing In the Home For the Housewife Teacher & Student
260 _bB.T. Batsford Ltd.
260 _c1961
300 _a160 P.,
999 _c283
_d283